[Event "ch-European Rapid 2013"]
[Site "Warsaw POL"]
[Date "2013.12.15"]
[Round "9.49"]
[White "Czerwonski, Aleksander"]
[Black "Gurvich, Vitaly"]
[Result "1-0"]
[WhiteTitle "IM"]
[WhiteElo "2379"]
[BlackElo "2094"]
[WhiteFideId "1100459"]
[BlackFideId "24164852"]
[EventDate "2013.12.14"]

1. d4 Nf6 2. c4 g6 3. Nc3 Bg7 4. e4 d6 5. f3 O-O 6. Be3 Nbd7 7. Qd2 c5 8. Nge2
a6 9. Rd1 Qc7 10. Nf4 Re8 11. Be2 Qb8 12. dxc5 Nxc5 13. O-O b6 14. Nfd5 Nxd5 15.
Nxd5 Nd7 16. b3 Bb7 17. Qb4 Bxd5 18. cxd5 Rc8 19. Rc1 Qb7 20. Qd2 Rxc1 21. Rxc1
Rc8 22. Rc2 h5 23. Qc1 Rxc2 24. Qxc2 Nb8 25. a4 Kh7 26. Qc4 Bh6 27. f4 Bg7 28.
g3 Bb2 29. b4 Qd7 30. Qc2 Bg7 31. Bxb6 e6 32. dxe6 Qxe6 33. Bf2 Nd7 34. Bxa6 d5
35. Bc8 Qd6 36. e5 Nxe5 37. fxe5 Bxe5 38. Qc5 Qf6 39. Qxd5 h4 40. Bh3 Kg7 41. a5
hxg3 42. hxg3 Bc3 43. Bf1 Kg8 44. a6 1-0

[Event "ch-European Rapid 2013"]
[Site "Warsaw POL"]
[Date "2013.12.15"]
[Round "9.50"]
[White "Kuraszkiewicz, Michael"]
[Black "Wozniak, Maciej"]
[Result "1/2-1/2"]
[WhiteTitle "FM"]
[WhiteElo "2324"]
[BlackElo "2178"]
[WhiteFideId "4618149"]
[BlackFideId "1117653"]
[EventDate "2013.12.14"]

1. d4 Nf6 2. c4 g6 3. Nc3 d5 4. cxd5 Nxd5 5. e4 Nxc3 6. bxc3 Bg7 7. Nf3 c5 8.
Rb1 Nc6 9. d5 Bxc3+ 10. Bd2 Bxd2+ 11. Qxd2 Nd4 12. Nxd4 cxd4 13. Qxd4 O-O 14.
Be2 Qa5+ 15. Qd2 Qxd2+ 16. Kxd2 e6 17. dxe6 Bxe6 18. Rxb7 Rfb8 19. Rxb8+ Rxb8
20. Kc3 Rc8+ 21. Kd2 Rb8 22. Kc3 Rc8+ 23. Kd2 Rb8 24. Kc3 Rc8+ 1/2-1/2

[Event "ch-European Rapid 2013"]
[Site "Warsaw POL"]
[Date "2013.12.15"]
[Round "10.1"]
[White "Rapport, Richard"]
[Black "Dubov, Daniil"]
[Result "1/2-1/2"]
[WhiteTitle "GM"]
[BlackTitle "GM"]
[WhiteElo "2687"]
[BlackElo "2629"]
[WhiteFideId "738590"]
[BlackFideId "24126055"]
[EventDate "2013.12.14"]

1. b3 d6 2. Bb2 Nd7 3. Nc3 Ngf6 4. e4 e5 5. Qe2 c6 6. f4 Be7 7. O-O-O exf4 8. d4
Qa5 9. Nf3 O-O 10. g3 Nb6 11. gxf4 d5 12. e5 Ne4 13. Nxe4 dxe4 14. Qxe4 Qxa2 15.
Ng5 g6 16. e6 Bxe6 17. Nxe6 Ba3 18. Bxa3 Qxa3+ 19. Kd2 Qa5+ 20. Kc1 Rae8 21. f5
Qa1+ 22. Kd2 Qa5+ 23. Kc1 fxe6 24. fxg6 Qa1+ 25. Kd2 Qa5+ 26. Kc1 Qa1+ 27. Kd2
Qa5+ 28. Kc1 1/2-1/2

[Event "ch-European Rapid 2013"]
[Site "Warsaw POL"]
[Date "2013.12.15"]
[Round "10.2"]
[White "Malakhov, Vladimir"]
[Black "Olszewski, Michal"]
[Result "1-0"]
[WhiteTitle "GM"]
[BlackTitle "GM"]
[WhiteElo "2716"]
[BlackElo "2551"]
[WhiteFideId "4120787"]
[BlackFideId "1121251"]
[EventDate "2013.12.14"]

1. e4 c5 2. Nf3 d6 3. d4 cxd4 4. Qxd4 Nf6 5. Bb5+ Nc6 6. O-O Nd7 7. Qe3 a6 8.
Bxc6 bxc6 9. b3 e5 10. c4 Be7 11. Nc3 O-O 12. Rd1 Qc7 13. Ba3 Rd8 14. Rd3 Nf8
15. c5 dxc5 16. Rxd8 Bxd8 17. Bxc5 Bg4 18. Bxf8 Kxf8 19. h3 Bxf3 20. Qxf3 Qa7
21. Na4 g6 22. Rc1 Rc8 23. Qc3 Kg7 24. Qxe5+ Bf6 25. Qc5 Qb8 26. g3 Qb7 27. Kg2
h5 28. Qb6 Qe7 29. Rc4 h4 30. g4 Qe5 31. Qe3 Qa1 32. g5 Be5 33. Qd2 Qb1 34. Nc5
Re8 1-0

[Event "ch-European Rapid 2013"]
[Site "Warsaw POL"]
[Date "2013.12.15"]
[Round "10.3"]
[White "Lysyj, Igor"]
[Black "Ragger, Markus"]
[Result "1/2-1/2"]
[WhiteTitle "GM"]
[BlackTitle "GM"]
[WhiteElo "2666"]
[BlackElo "2646"]
[WhiteFideId "4150120"]
[BlackFideId "1610856"]
[EventDate "2013.12.14"]

1. d4 Nf6 2. c4 g6 3. Nc3 d5 4. cxd5 Nxd5 5. e4 Nxc3 6. bxc3 Bg7 7. Qa4+ Qd7 8.
Bb5 c6 9. Be2 O-O 10. Qa3 Qd6 11. f4 c5 12. e5 Qc7 13. Be3 cxd4 14. cxd4 Be6 15.
Bf3 Qd7 16. Ne2 Nc6 17. Kf2 Bd5 18. Bxd5 Qxd5 19. Rac1 e6 20. Rhd1 Qd7 21. Nc3
Ne7 22. d5 Nxd5 23. Nxd5 exd5 24. Rc5 Qe7 25. Qd3 Rfd8 26. Rxd5 Rxd5 27. Qxd5
Rc8 28. g3 b6 29. Kf3 Bf8 30. Qd7 Rc3 31. Qxe7 Bxe7 32. Ke4 Ra3 33. Rd7 Kf8 34.
Rb7 Ke8 35. Rb8+ Kd7 36. g4 Ra4+ 37. Kd5 Ra5+ 38. Ke4 Bd8 39. Bd4 Rxa2 40. f5
gxf5+ 41. gxf5 Rxh2 42. Rb7+ Bc7 43. e6+ fxe6 44. fxe6+ Kxe6 45. Rxc7 Rh4+ 46.
Kd3 a5 47. Bxb6 a4 48. Ra7 h5 49. Ra5 Kf7 50. Bd4 Rh3+ 51. Ke4 a3 52. Be3 Rh1
53. Rxa3 h4 54. Ra7+ Ke6 55. Ra6+ Kd7 56. Rh6 h3 57. Bf4 Ke7 58. Kf5 Kd7 59.
Rd6+ Kc8 60. Rd2 Kb7 61. Kg4 Kc6 62. Bh2 Rc1 63. Kxh3 Rc5 64. Kg4 Rd5 65. Re2
Kc5 66. Be5 Rd1 67. Kf5 Kd5 68. Ra2 Rf1+ 69. Bf4 Rh1 70. Rd2+ Kc4 71. Ke4 Rh4
72. Rc2+ Kb4 73. Rc8 Rg4 74. Ke5 Kb3 75. Be3 Rc4 76. Bc5 Rh4 77. Bd4 Rh5+ 78.
Ke4 Kb4 79. Be5 Kb3 80. Kd5 Rh4 81. Rb8+ Rb4 82. Rc8 Rh4 83. Bd4 Rh5+ 84. Ke4
Kb4 85. Rc2 Kb3 86. Rc6 Kb4 87. Kd3 Rh3+ 88. Be3 Rh5 89. Rb6+ Rb5 90. Ra6 Rb7
91. Ra1 Kb5 92. Bd4 Rh7 93. Rb1+ Kc6 94. Kc4 Rh2 95. Rb6+ Kd7 96. Rg6 Rh5 97.
Bc5 Rh4+ 98. Kb5 Rh5 99. Rd6+ Ke8 100. Kc6 Kf7 101. Bd4 Rf5 102. Kd7 Rf1 103.
Rh6 Rd1 104. Rh4 Rf1 105. Rg4 Rd1 106. Kd6 Rd2 107. Rf4+ Kg6 108. Ke6 Kg5 109.
Be3 Rd3 110. Bc1 Kh5 111. Re4 Rb3 112. Be3 Rb5 113. Kf6 Ra5 114. Bd2 1/2-1/2

[Event "ch-European Rapid 2013"]
[Site "Warsaw POL"]
[Date "2013.12.15"]
[Round "10.6"]
[White "Meskovs, Nikita"]
[Black "Socko, Bartosz"]
[Result "0-1"]
[WhiteTitle "FM"]
[BlackTitle "GM"]
[WhiteElo "2431"]
[BlackElo "2657"]
[WhiteFideId "11602740"]
[BlackFideId "1107038"]
[EventDate "2013.12.14"]

1. d4 Nf6 2. c4 e6 3. Nc3 Bb4 4. e3 O-O 5. Bd3 d5 6. Nf3 b6 7. O-O Bb7 8. Qe2
Nbd7 9. Bd2 Bd6 10. Rac1 a6 11. Rfd1 Ne4 12. Be1 f5 13. Nd2 Qf6 14. f4 g5 15.
cxd5 exd5 16. Bxe4 fxe4 17. Qg4 Rf7 18. h4 h6 19. hxg5 hxg5 20. Bh4 Rg7 21. fxg5
Qg6 22. Nf1 Nf8 23. Ng3 Bc8 24. Qh5 Rh7 25. Qxg6+ Nxg6 26. Nxd5 Rxh4 27. Nf6+
Kf7 28. Ngxe4 Bf5 29. Nxd6+ cxd6 30. Rf1 Rah8 31. Rc6 Ke6 32. Rxb6 Bd3 33. Rf3
Rh1+ 34. Kf2 Nh4 35. e4 Rf1+ 36. Ke3 Nxg2+ 37. Kxd3 Rxf3+ 38. Ke2 Rhh3 39. e5
Nf4+ 0-1

[Event "ch-European Rapid 2013"]
[Site "Warsaw POL"]
[Date "2013.12.15"]
[Round "10.7"]
[White "Berzinsh, Roland"]
[Black "Korobov, Anton"]
[Result "0-1"]
[WhiteTitle "IM"]
[BlackTitle "GM"]
[WhiteElo "2421"]
[BlackElo "2713"]
[WhiteFideId "11600357"]
[BlackFideId "14105730"]
[EventDate "2013.12.14"]

1. e4 c5 2. Nf3 d6 3. Bc4 Nf6 4. d3 g6 5. c3 Bg7 6. Bb3 O-O 7. h3 b6 8. O-O Bb7
9. Re1 Nbd7 10. Nbd2 b5 11. d4 e5 12. d5 c4 13. Bc2 Qc7 14. a4 a6 15. Nf1 Nc5
16. Ng3 bxa4 17. Be3 a5 18. Qb1 Rfb8 19. Bxa4 Nd3 20. Re2 Nd7 21. Bxd7 Qxd7 22.
Ne1 f5 23. exf5 gxf5 24. Nxd3 cxd3 25. Qxd3 f4 26. Bxf4 exf4 27. Nf5 Ba6 28. c4
Bxc4 29. Ne7+ Qxe7 30. Qxc4 Qg5 31. h4 Qxh4 32. Qc7 Qd8 0-1

[Event "ch-European Rapid 2013"]
[Site "Warsaw POL"]
[Date "2013.12.15"]
[Round "10.8"]
[White "Dragun, Kamil"]
[Black "Wojtaszek, Radoslaw"]
[Result "1/2-1/2"]
[WhiteTitle "GM"]
[BlackTitle "GM"]
[WhiteElo "2530"]
[BlackElo "2711"]
[WhiteFideId "1134167"]
[BlackFideId "1118358"]
[EventDate "2013.12.14"]

1. d4 Nf6 2. c4 e6 3. Nc3 Bb4 4. Qc2 O-O 5. a3 Bxc3+ 6. Qxc3 d6 7. Nf3 Nc6 8. g3
e5 9. d5 Ne7 10. Bg2 Bf5 11. O-O Qd7 12. Nh4 Bh3 13. Qc2 h6 14. e4 Bxg2 15. Kxg2
Nh7 16. c5 f5 17. exf5 Nxf5 18. Nxf5 Rxf5 19. c6 Qf7 20. cxb7 Rf8 21. Kg1 Rb8
22. Qc6 e4 23. Be3 Qxd5 24. Qxc7 Rxb7 25. Qc2 Ng5 26. Bxg5 hxg5 27. Rad1 Qc5 28.
Qxe4 Rxb2 29. Qe8+ Rf8 30. Qe6+ Kh7 31. Qh3+ Kg8 32. Qe6+ Kh7 33. Qh3+ Kg8 1/2-1/2

[Event "ch-European Rapid 2013"]
[Site "Warsaw POL"]
[Date "2013.12.15"]
[Round "10.9"]
[White "Cheparinov, Ivan"]
[Black "Leniart, Arkadiusz"]
[Result "1-0"]
[WhiteTitle "GM"]
[BlackTitle "IM"]
[WhiteElo "2672"]
[BlackElo "2472"]
[WhiteFideId "2905540"]
[BlackFideId "1124226"]
[EventDate "2013.12.14"]

1. d4 Nf6 2. c4 g6 3. Nc3 d5 4. cxd5 Nxd5 5. e4 Nxc3 6. bxc3 Bg7 7. Nf3 O-O 8.
Be2 c5 9. Rb1 Nc6 10. d5 Ne5 11. Nxe5 Bxe5 12. Qd2 Bg7 13. O-O f5 14. exf5 gxf5
15. c4 f4 16. Rb3 b6 17. Bb2 e5 18. Re1 Qd6 19. Bd3 Bd7 20. Be4 a6 21. Qe2 b5
22. Rc1 b4 23. Re1 a5 24. Qh5 h6 25. Bg6 Be8 26. Bxe8 Raxe8 27. Re4 Kh7 28. Rd3
Qg6 29. Qe2 Rf5 30. f3 Bf8 31. Rd2 Bd6 32. Qd3 Rg5 33. Ree2 Qxd3 34. Rxd3 Kg6
35. Bc1 Rf5 36. g3 fxg3 37. hxg3 Ref8 38. Kg2 a4 39. Bb2 h5 40. f4 Re8 41. fxe5
a3 42. Ba1 Bxe5 43. d6 Kf6 44. d7 Rd8 45. Rxe5 Rxe5 46. Rd5 1-0

[Event "ch-European Rapid 2013"]
[Site "Warsaw POL"]
[Date "2013.12.15"]
[Round "10.11"]
[White "Salgado Lopez, Ivan"]
[Black "Zwardon, Vojtech"]
[Result "1-0"]
[WhiteTitle "GM"]
[BlackTitle "IM"]
[WhiteElo "2597"]
[BlackElo "2383"]
[WhiteFideId "2257327"]
[BlackFideId "325511"]
[EventDate "2013.12.14"]

1. e4 c5 2. c3 Nf6 3. e5 Nd5 4. Nf3 Nc6 5. d4 cxd4 6. cxd4 d6 7. Bc4 Be6 8. Ng5
dxe5 9. Nxe6 fxe6 10. dxe5 g6 11. O-O Bg7 12. f4 O-O 13. Nc3 Qb6+ 14. Kh1 Rad8
15. Nxd5 exd5 16. Bd3 e6 17. Rb1 Nb4 18. a3 Nxd3 19. Qxd3 g5 20. f5 Bxe5 21.
Bxg5 Rde8 22. f6 Rf7 23. b4 Qd4 24. Qf3 Ref8 25. Bh6 Rxf6 26. Bxf8 Rxf3 27. Rxf3
h5 28. Rbf1 Qh4 29. h3 Qg5 30. Bc5 d4 31. Bxa7 Bg7 32. Bc5 e5 33. Rf5 Qg3 34.
R1f3 Qe1+ 35. Kh2 e4 36. Rg3 d3 37. Rf8+ Kh7 38. Rf7 d2 39. Rfxg7+ Kh8 40. Rg8+
Kh7 41. R3g7+ Kh6 42. Bf8 1-0

[Event "ch-European Rapid 2013"]
[Site "Warsaw POL"]
[Date "2013.12.15"]
[Round "10.12"]
[White "Pakleza, Zbigniew"]
[Black "Jussupow, Artur"]
[Result "1-0"]
[WhiteTitle "IM"]
[BlackTitle "GM"]
[WhiteElo "2490"]
[BlackElo "2583"]
[WhiteFideId "1119290"]
[BlackFideId "4618777"]
[EventDate "2013.12.14"]

1. d4 d5 2. Bf4 e6 3. e3 Ne7 4. Nf3 Ng6 5. Bg3 Bd6 6. c4 c6 7. Nc3 O-O 8. Bd3 f5
9. Qc2 Na6 10. a3 Nc7 11. Ne2 Ne8 12. c5 Bc7 13. Nf4 Nh8 14. Be2 Nf6 15. Nd3 Bd7
16. Bxc7 Qxc7 17. Nfe5 Be8 18. b4 g5 19. h4 h6 20. g4 Ng6 21. Nxg6 Bxg6 22. Ne5
Bh7 23. hxg5 hxg5 24. Bd3 a5 25. b5 cxb5 26. gxf5 Ra6 27. Rg1 Qg7 28. f4 g4 29.
fxe6 Rxe6 30. Rb1 g3 31. Rxb5 Bxd3 32. Qxd3 Ne4 33. Qb3 g2 34. Kd1 Qg3 35. Qc2
Nf2+ 36. Kc1 Rh6 37. Rxb7 Kh8 38. Kb2 Qxe3 39. Rxg2 Qxd4+ 40. Ka2 Ne4 41. Rb3
Rxf4 42. Rh2 Qxe5 43. Rxh6+ Kg7 44. Rh2 Rf1 45. Qg2+ 1-0

[Event "ch-European Rapid 2013"]
[Site "Warsaw POL"]
[Date "2013.12.15"]
[Round "10.13"]
[White "Krasenkow, Michal"]
[Black "Shkapenko, Pavel"]
[Result "1-0"]
[WhiteTitle "GM"]
[BlackTitle "IM"]
[WhiteElo "2633"]
[BlackElo "2406"]
[WhiteFideId "1113100"]
[BlackFideId "4151933"]
[EventDate "2013.12.14"]

1. Nf3 Nf6 2. c4 e6 3. Nc3 Bb4 4. g4 Nc6 5. g5 Ng8 6. Qc2 d5 7. e3 Nge7 8. a3
Bd6 9. d4 dxc4 10. Bxc4 e5 11. dxe5 Nxe5 12. Nxe5 Bxe5 13. f4 Bxc3+ 14. Qxc3 O-O
15. e4 b5 16. Bxb5 Bb7 17. Bd3 Nf5 18. Kf2 Qd7 19. b4 Rad8 20. Rd1 Nd4 21. Bf1
Rfe8 22. Bh3 Qd6 23. e5 Nb5 24. Rxd6 Nxc3 25. Rxd8 Rxd8 26. f5 Rd1 27. e6 fxe6
28. fxe6 Kf8 29. Bg4 Rh1 30. h3 Bd5 31. Ke3 c6 32. Bb2 Rxa1 33. Bxa1 Nb5 34. a4
Nc7 35. e7+ Kf7 36. Be5 Ne6 37. Bd6 Ke8 38. h4 Bb3 39. a5 Bd5 40. Bf5 g6 41. Bg4
Ng7 42. Kd4 Nf5+ 43. Kc5 Nxh4 44. b5 Nf5 45. bxc6 Be6 46. Bb8 a6 47. Kb6 Kxe7
48. Kxa6 Kd8 49. Kb6 Kc8 50. Bh2 1-0

[Event "ch-European Rapid 2013"]
[Site "Warsaw POL"]
[Date "2013.12.15"]
[Round "10.14"]
[White "Andriasian, Zaven"]
[Black "Golubka, Petr"]
[Result "1-0"]
[WhiteTitle "GM"]
[BlackTitle "IM"]
[WhiteElo "2610"]
[BlackElo "2385"]
[WhiteFideId "13302000"]
[BlackFideId "14114224"]
[EventDate "2013.12.14"]

1. e4 c5 2. Nf3 d6 3. d4 cxd4 4. Nxd4 Nf6 5. Nc3 a6 6. Be3 e6 7. a4 Nc6 8. Nb3
Na5 9. Nxa5 Qxa5 10. Bd3 Be7 11. O-O O-O 12. f4 Bd7 13. Qf3 Rac8 14. Rae1 Rxc3
15. bxc3 Bc6 16. c4 Nd7 17. Kh1 Bf6 18. Qh3 e5 19. fxe5 Bxe5 20. Re2 Qxa4 21.
Ref2 b5 22. cxb5 axb5 23. Bg5 Nf6 24. Bxf6 gxf6 25. Qh4 Qd4 26. Rf5 Ra8 27. Rh5
Kf8 28. Qg4 Ke7 29. Rxh7 d5 30. Qh5 Rf8 31. exd5 Qxd5 32. Qf3 Qc5 33. Be4 Bd7
34. Rd1 b4 35. Qd3 Be6 36. Bf5 Bxf5 37. Qxf5 Qc6 38. Rh4 Rg8 39. Qe4 Qxe4 40.
Rxe4 Rc8 41. Rxb4 Rxc2 42. g3 f5 43. Rf1 Kf6 44. Rb6+ Kg5 45. Rb3 Rc5 46. Rbf3
Bc7 47. Kg2 f6 48. R1f2 f4 49. gxf4+ Kf5 50. Rh3 Rc4 51. Rh5+ Kg4 52. Rh6 Kf5
53. Rh5+ Kg4 54. Rb5 Bxf4 55. h3+ Kh4 56. Rfb2 Bd6 57. Rb7 Kg5 58. Rg7+ Kh6 59.
Rg8 Kh7 60. Rg4 Rc5 61. Rf2 Be5 62. Re2 Kh6 63. Kf3 Rc3+ 64. Re3 Rc1 65. Ke4 Rc5
66. Rd3 Bb2 67. Rd5 Rc3 68. h4 Rc1 69. Kf5 Rf1+ 70. Ke6 Re1+ 71. Kf7 Be5 72. Rd8
Kh5 73. Rg7 1-0

[Event "ch-European Rapid 2013"]
[Site "Warsaw POL"]
[Date "2013.12.15"]
[Round "10.15"]
[White "Deszczynski, Adam"]
[Black "Neiksans, Arturs"]
[Result "0-1"]
[BlackTitle "GM"]
[WhiteElo "2341"]
[BlackElo "2560"]
[WhiteFideId "1102753"]
[BlackFideId "11601388"]
[EventDate "2013.12.14"]

1. e4 c5 2. Nf3 e6 3. d3 Nc6 4. g3 d5 5. Nbd2 Nf6 6. Bg2 g6 7. O-O Bg7 8. Re1
O-O 9. Qe2 b6 10. Nf1 e5 11. exd5 Nxd5 12. Ne3 Nde7 13. Nc4 f6 14. a4 Bg4 15.
Be3 Qd7 16. Qf1 Nb4 17. Rec1 Nec6 18. h3 Be6 19. Kh2 f5 20. Bd2 Bxc4 21. Bxb4
Nxb4 22. dxc4 e4 23. Ne1 Bxb2 24. Rd1 Qe6 25. Rab1 Be5 26. Qe2 Na2 0-1

[Event "ch-European Rapid 2013"]
[Site "Warsaw POL"]
[Date "2013.12.15"]
[Round "10.16"]
[White "Antipov, Mikhail Al."]
[Black "Sadzikowski, Daniel"]
[Result "1-0"]
[WhiteTitle "GM"]
[BlackTitle "IM"]
[WhiteElo "2511"]
[BlackElo "2470"]
[WhiteFideId "4107012"]
[BlackFideId "1132253"]
[EventDate "2013.12.14"]

1. e4 e5 2. Nf3 Nc6 3. Bb5 a6 4. Ba4 Nge7 5. O-O g6 6. c3 Bg7 7. d4 exd4 8. cxd4
b5 9. Bb3 O-O 10. Nc3 d6 11. h3 Na5 12. Bc2 Bb7 13. Re1 Qd7 14. Bf4 Rad8 15. Qc1
c5 16. Bh6 b4 17. Bxg7 Kxg7 18. Ne2 Nec6 19. b3 Kg8 20. Qh6 f6 21. Rad1 Qe7 22.
Qd2 Na7 23. Nf4 Nb5 24. Re3 Rc8 25. d5 Rce8 26. Ra1 Na3 27. Bd1 Bc8 28. Be2 Rf7
29. Re1 Bd7 30. Bxa6 Ra8 31. Bf1 Nb7 32. Qb2 Rff8 33. Nd2 Nd8 34. Nd3 Qg7 35. f4
Nf7 36. g3 Rae8 37. Bg2 Bb5 38. Nf3 g5 39. Kh2 Qh6 40. Qc1 Kh8 41. Kg1 Rg8 42.
Nh2 Bd7 43. f5 Qg7 44. Qb2 Bb5 45. Nf2 Ne5 46. Nhg4 Nd7 47. Bf1 Bxf1 48. Kxf1
Re7 49. Nh2 h5 50. Qe2 Qf7 51. Qa6 Nc2 52. Qxd6 Nxe3+ 53. Rxe3 Ne5 54. Nf3 Nxf3
55. Rxf3 Ra8 56. Qxc5 Rc7 57. Qxb4 Rxa2 58. d6 Rc1+ 59. Kg2 Qa7 60. Qb5 Rcc2 61.
Qe8+ Kg7 62. Qg6+ Kf8 63. Qxf6+ Kg8 64. Qxg5+ Kf8 65. Qh6+ Kg8 66. Qf4 Qd4 67.
f6 Kf7 68. Qf5 Qxd6 69. Qxh5+ Kf8 70. Qh6+ Kf7 71. Qh7+ Ke6 72. Qg8+ Kd7 73.
Qf7+ Kd8 74. Qg8+ Kc7 75. Qg7+ Kc6 76. f7 Rxf2+ 77. Rxf2 Rxf2+ 78. Kxf2 Qd2+ 79.
Kf3 Qd1+ 80. Kf4 Qd2+ 81. Kf5 Qf2+ 82. Ke6 Qf3 83. f8=Q Qxe4+ 84. Kf6 1-0

[Event "ch-European Rapid 2013"]
[Site "Warsaw POL"]
[Date "2013.12.15"]
[Round "10.17"]
[White "Pinski, Jan"]
[Black "Bryzgalin, Kirill"]
[Result "1/2-1/2"]
[WhiteTitle "IM"]
[BlackTitle "GM"]
[WhiteElo "2342"]
[BlackElo "2460"]
[WhiteFideId "1108441"]
[BlackFideId "4133285"]
[EventDate "2013.12.14"]

1. e4 e5 2. Nf3 Nc6 3. Nc3 g6 4. d4 exd4 5. Nd5 h6 6. Nxd4 Bg7 7. Nb5 Be5 8. f4
a6 9. fxe5 axb5 10. Bf4 Nce7 11. e6 d6 12. exf7+ Kxf7 13. Nxe7 Qxe7 14. Qd5+ Kg7
15. Bxb5 Nf6 16. Qd4 Qxe4+ 17. Qxe4 Nxe4 18. O-O Bf5 19. Bd3 Rhe8 20. a3 h5 21.
Rae1 Nc5 22. Bxf5 gxf5 23. Be3 Kg6 24. Bxc5 dxc5 25. Kf2 Kf6 26. Rxe8 Rxe8 27.
Rd1 Re7 28. Rd8 h4 29. h3 b6 30. Rh8 Kg5 31. Rg8+ Kf4 32. Rh8 Kg5 33. Rg8+ Kf4 1/2-1/2

[Event "ch-European Rapid 2013"]
[Site "Warsaw POL"]
[Date "2013.12.15"]
[Round "10.18"]
[White "Mista, Aleksander"]
[Black "Przybylski, Wojciech"]
[Result "1-0"]
[WhiteTitle "GM"]
[BlackTitle "FM"]
[WhiteElo "2583"]
[BlackElo "2342"]
[WhiteFideId "1110381"]
[BlackFideId "1117599"]
[EventDate "2013.12.14"]

1. e4 e5 2. Nf3 Nf6 3. Nxe5 d6 4. Nf3 Nxe4 5. d4 d5 6. Bd3 Bd6 7. O-O O-O 8. c4
c6 9. Re1 Bf5 10. Nc3 Nxc3 11. bxc3 Bxd3 12. Qxd3 dxc4 13. Qxc4 Qc7 14. Ne5 b5
15. Qb3 Nd7 16. Bf4 Nb6 17. Bg3 Rad8 18. Re4 a6 19. Rae1 c5 20. dxc5 Qxc5 21. c4
Bxe5 22. Bxe5 Nxc4 23. Qc3 f6 24. Bd4 Qd6 25. h3 Rd7 26. Be3 Qd3 27. Qxd3 Rxd3
28. Bc5 Rc8 29. Re8+ Rxe8 30. Rxe8+ Kf7 31. Re7+ Kg6 32. Ra7 a5 33. Bf8 b4 34.
g4 Kg5 35. Rxg7+ Kf4 36. Kg2 Rd2 37. Re7 Ne5 38. Bh6+ Ke4 39. Bxd2 Kd3 40. Bf4
Nc4 41. Rxh7 a4 42. Rb7 Kc3 43. h4 Nb2 44. h5 Nd3 45. Bd6 a3 46. h6 f5 47. gxf5
Kb2 48. Bxb4 Kxa2 49. Bxa3 1-0

[Event "ch-European Rapid 2013"]
[Site "Warsaw POL"]
[Date "2013.12.15"]
[Round "10.19"]
[White "Bartel, Michal"]
[Black "Gritsak, Orest"]
[Result "0-1"]
[WhiteTitle "FM"]
[BlackTitle "GM"]
[WhiteElo "2316"]
[BlackElo "2516"]
[WhiteFideId "1119257"]
[BlackFideId "14102188"]
[EventDate "2013.12.14"]

1. e4 c5 2. Ne2 Nc6 3. g3 d5 4. Bg2 dxe4 5. Bxe4 Nf6 6. Bg2 Bg4 7. h3 Bh5 8. d3
e6 9. Nbc3 Be7 10. Be3 O-O 11. O-O Qd7 12. g4 Bg6 13. f4 Nd4 14. Ng3 h6 15. Qd2
Rad8 16. Qf2 b6 17. Rae1 Ne8 18. f5 Bh7 19. fxe6 fxe6 20. Qd2 Nd6 21. Nce4 Bh4
22. Rxf8+ Rxf8 23. Rf1 Rxf1+ 24. Nxf1 Bxe4 25. dxe4 Nc4 26. Qd1 Nxb2 27. Qb1 Nc4
28. Kh1 Nxe3 29. Nxe3 Bg5 30. Nc4 Qa4 31. Qf1 Qxc2 32. Ne5 Qc1 0-1

[Event "ch-European Rapid 2013"]
[Site "Warsaw POL"]
[Date "2013.12.15"]
[Round "10.20"]
[White "Tregubov, Pavel V."]
[Black "Tregubov, Vadim"]
[Result "1/2-1/2"]
[WhiteTitle "GM"]
[WhiteElo "2625"]
[BlackElo "2371"]
[WhiteFideId "4115341"]
[BlackFideId "14119595"]
[EventDate "2013.12.14"]

1. d4 Nf6 2. c4 g6 3. g3 d5 4. cxd5 Nxd5 5. Bg2 Bg7 6. e4 Nb6 7. Ne2 O-O 8. O-O
Na6 9. Nbc3 c5 10. d5 e6 11. Nf4 e5 12. Nd3 Nc4 13. b3 Nd6 14. Be3 b6 15. Rc1
Nb4 16. Nxb4 cxb4 17. Na4 f5 18. f3 Bd7 19. Qd2 Nb5 20. Qxb4 f4 21. Bf2 Nd4 22.
Nc3 fxg3 23. Bxg3 Rc8 24. Kh1 h5 25. Qd6 Rxc3 26. Rxc3 Nb5 27. Qxg6 Be8 28. Qe6+
Bf7 29. Qc6 Be8 30. Qc4 Nxc3 31. Qxc3 Qg5 32. Bh3 h4 33. Bf2 Bh5 34. Be3 Qg6 35.
Bf5 Rxf5 36. exf5 Qxf5 37. Kg1 Bxf3 38. Rxf3 Qxf3 39. Qd2 h3 40. d6 Qg4+ 41. Kf1
Qf3+ 42. Kg1 Qg4+ 43. Kf1 Qf3+ 44. Bf2 Qg2+ 45. Ke2 Qg4+ 46. Ke1 Qe4+ 47. Kf1
Qg2+ 48. Ke2 Qe4+ 49. Be3 Qg2+ 50. Kd1 Qxd2+ 51. Bxd2 Kf7 52. Ke2 Ke6 53. Bb4 e4
54. Ke3 Be5 55. Kxe4 Bxh2 56. Kf3 Bxd6 57. Be1 h2 58. Kg2 Kd5 59. Bf2 Ke4 60. a4
Kd3 61. a5 bxa5 62. Bxa7 Bc7 63. Bf2 Kc3 64. Be1+ Kxb3 65. Bxa5 1/2-1/2

[Event "ch-European Rapid 2013"]
[Site "Warsaw POL"]
[Date "2013.12.15"]
[Round "10.21"]
[White "Stupak, Kirill"]
[Black "Licznerski, Lukasz"]
[Result "1-0"]
[WhiteTitle "GM"]
[BlackTitle "FM"]
[WhiteElo "2505"]
[BlackElo "2354"]
[WhiteFideId "13503758"]
[BlackFideId "1179250"]
[EventDate "2013.12.14"]

1. d4 Nf6 2. g3 g6 3. Bg2 d5 4. c4 Bg7 5. Nf3 dxc4 6. Na3 c3 7. bxc3 O-O 8. O-O
c5 9. e3 Nc6 10. Qe2 Nd5 11. Bb2 Nb6 12. Rac1 Qd5 13. c4 Qh5 14. d5 Ne5 15. Rc2
Bg4 16. Bxe5 Bxf3 17. Bxf3 Qxe5 18. Rb1 Rab8 19. Nb5 Nc8 20. a4 a6 21. Nc3 Qc7
22. e4 Bd4 23. Bg4 Qe5 24. Bxc8 Rfxc8 25. Na2 f5 26. exf5 Qxf5 27. Nc1 Re8 28.
Rb6 e6 29. dxe6 Re7 30. Nd3 Rbe8 31. Nf4 g5 32. Qd3 Qg4 33. h3 1-0

[Event "ch-European Rapid 2013"]
[Site "Warsaw POL"]
[Date "2013.12.15"]
[Round "10.22"]
[White "Kulaots, Kaido"]
[Black "Minko, Vladimir"]
[Result "0-1"]
[WhiteTitle "GM"]
[BlackTitle "FM"]
[WhiteElo "2558"]
[BlackElo "2327"]
[WhiteFideId "4500261"]
[BlackFideId "24146706"]
[EventDate "2013.12.14"]

1. e4 c5 2. Nf3 e6 3. d4 cxd4 4. Nxd4 Nc6 5. Nb5 d6 6. Bf4 e5 7. Be3 Nf6 8. Bg5
a6 9. N5c3 Be7 10. Bxf6 Bxf6 11. Nd2 O-O 12. Nc4 Nd4 13. Nd5 b5 14. Ncb6 Rb8 15.
c3 Ne6 16. Nxf6+ Qxf6 17. Qxd6 Rb7 18. Nd5 Qh4 19. Qxe5 f6 20. g3 fxe5 21. gxh4
Nc5 22. Rg1 Rbf7 23. f3 Rxf3 24. Ne7+ Kf7 25. Nxc8 Rxc8 26. O-O-O Rc7 27. Rd5
Nxe4 28. Rxe5 Nf6 29. Be2 Rh3 30. Rg2 Rxh4 31. Kc2 g6 32. Re3 Nd5 33. Rf3+ Kg7
34. Rgf2 Re4 35. Kd2 Nb6 36. Bd3 Re6 37. Re3 Rd6 38. Kc2 b4 39. Be4 Re6 40. Ree2
bxc3 41. bxc3 Na4 42. Rf3 Rce7 43. Kd3 Nc5+ 44. Kd4 Nxe4 0-1